| 000 | 00327nam a22001337a 4500 | ||
|---|---|---|---|
| 020 | _qHB. | ||
| 040 | _cFIZZA ISHAQ | ||
| 082 |
_a005.11 _bGEO |
||
| 100 |
_aWILKIE,GEORGE. _990995 |
||
| 245 |
_aOBJECT ORIENTED SOFTWARE ENGINEERING / _cGEORGE WILKIE. |
||
| 260 |
_aMARI GROUP ; _c1993. |
||
| 300 | _a399 P. ; | ||
| 942 |
_2ddc _cBK |
||
| 999 |
_c589190 _d589190 |
||